Corporate agenda for tomorrow : antitrust /

Bibliographic Details
Main Author: Powell, Mary Jo
Corporate Author: University of Texas at Austin. Institute for Constructive Capitalism
Format: Book
Language:English
Published: Austin : Institute for Constructive Capitalism, University of Texas at Austin, [1978]
Series:Policy series (University of Texas at Austin. Institute for Constructive Capitalism) ; 5.
Subjects:

MARC

Tag First Indicator Second Indicator Subfields
LEADER 00000cam a2200000 a 4500
001 in00000081819
005 20151008054149.0
008 790122s1978 txu b s00010 eng d
035 |a (OCoLC)04571690 
035 |9 AAH9835AM 
040 |a IKM  |c IKM  |d m.c.  |d TXA  |d UtOrBLW 
049 |a TXAM  |c [1271947] 
090 |a KF1649.3  |b .P694 
100 1 |a Powell, Mary Jo. 
245 1 0 |a Corporate agenda for tomorrow :  |b antitrust /  |c by Mary Jo Powell. 
264 1 |a Austin :  |b Institute for Constructive Capitalism, University of Texas at Austin,  |c [1978] 
264 4 |c ©1978 
300 |a 24 pages ;  |c 28 cm. 
336 |a text  |b txt  |2 rdacontent 
337 |a unmediated  |b n  |2 rdamedia 
338 |a volume  |b nc  |2 rdacarrier 
490 1 |a Policy series ;  |v 5 
500 |a Tx Doc number: Z, UA280.7, P758, number 5. 
500 |a Article prepared by the Institute for Constructive Capitalism for the workshop series, "Constructive Capitalism, The Corporation, and Public Policy". 
504 |a Bibliography: page 24. 
650 0 |a Antitrust law  |z United States. 
710 2 |a University of Texas at Austin.  |b Institute for Constructive Capitalism. 
830 0 |a Policy series (University of Texas at Austin. Institute for Constructive Capitalism) ;  |v 5. 
999 |a MARS 
999 f f |s 655c9877-209b-341b-92e6-8f7c8622a609  |i e2643a7a-0226-3b79-824f-fb27e9266cfc  |t 0 
952 f f |p ric  |a Texas A&M University  |b Rellis Campus  |c Joint Library Facility  |d Remote Storage  |t 0  |e KF1649.3 .P694  |h Library of Congress classification  |i unmediated -- volume  |m A14806155436 
998 f f |a KF1649.3 .P694  |t 0  |l Remote Storage